000 02325nam a2200349 a 4500
001 BRCA_3170
005 20190320204138.0
008 120209s1746----ne-a---###---#000-0ddut-u
041 _adut
044 _ane
084 _a473
_b.H67
_c1746
100 1 _aCervantes Saavedra, Miguel de
_d1547-1616
_9213
245 1 0 _aDe Voornaamste Gewallen van den Wonderlyken Don Quichot
_cM. de Cervantes Saavedra.
260 _aHage (Alemania)
_bPieter de Hondt
_c1746
300 _a1 v. (en varias paginaciones)
_bil.
_c29 cm.
500 _aContenido : Primera parte. Vida de Cervantes resumen de la escrita por Mayáns, por J. Campo Wyerman. Composición política. Láminas con el texto explicativo de las mismas. Texto. Segunda parte. Texto
500 _aEdición : Door den Beroemden Picart dem Romein en Andere Voornaame Meesters in XXXI Kunstplaate, na de Uitmuntende Schilderyen van Coypel, in´t Koper Gebragt. Beschreeven op Een´vryen en Vrolyken Trant, Door Jacob Campo Wyerman. En Door den Zelfden met Gedichten ter Verklaaring van Iendere Kunftprint en het Leeven van M. de Cervantes Saavedra
500 _aSon las prncipales aventuras del admirable Don Quijote, pintadas por el renombradon Picart el Romano y otros principales maestros, en 31 estampas..., conforme el texto de Jacobo Campo Weyerman, y los argumentos en verso, con la explicación de cada lámina, y añadida la vida de Cervantes. Las leyendas que explican las láminas están redactadas en francés. Las 31 láminas componen la misma colección publicada en 1746 con el texto francés. Hermosa edición, espléndidamente impresa con buenos tipos. Pergamino Lúdovik Osterc
500 _aQMB94
546 _aTexto en : holandés
650 1 4 _aNovela española
_yÉpoca clásica, 1500-1700
_9215
650 1 4 _aLiteratura española
_yÉpoca clásica, 1500-1700
_9216
650 1 4 _aNovela española
_ySiglo XVII
_9217
650 1 4 _aDon Quijote (Personaje ficticio)
_eNovela
_9218
700 1 _aPicart Le Romain, Bernard
_d1673-1733
_eIlustrador
_98533
700 1 _aCoypel, Charles-Antone
_d1694-1752
_eIlustrador
_98534
700 1 _aMayans I. Siscar, Gregorio
_d1699-1781
_eBiógrafo
_98535
700 1 _aCampo Weyerman, Jacobo
_d1677-1747
_eTraductor
_98536
740 0 _aEl Ingenioso Hidalgo Don Quijote de la Mancha
902 _aQFM
942 _2lcc
_cB
999 _c2906
_d2906